| 000 -LEADER |
| fixed length control field |
01349cam a2200325 a 4500 |
| 001 - CONTROL NUMBER |
| control field |
13008170 |
| 003 - CONTROL NUMBER IDENTIFIER |
| control field |
NUST |
| 005 - DATE AND TIME OF LATEST TRANSACTION |
| control field |
20230213102910.0 |
| 008 - FIXED-LENGTH DATA ELEMENTS--GENERAL INFORMATION |
| fixed length control field |
021121s2002 nyuaf 001 0deng |
| 010 ## - LIBRARY OF CONGRESS CONTROL NUMBER |
| LC control number |
2002042829 |
| 020 ## - INTERNATIONAL STANDARD BOOK NUMBER |
| International Standard Book Number |
0743204735 |
| 040 ## - CATALOGING SOURCE |
| Original cataloging agency |
DLC |
| Transcribing agency |
DLC |
| Modifying agency |
DLC |
| 043 ## - GEOGRAPHIC AREA CODE |
| Geographic area code |
n-us--- |
| 082 00 - DEWEY DECIMAL CLASSIFICATION NUMBER |
| Classification number |
973.931,WOO |
| 100 1# - MAIN ENTRY--PERSONAL NAME |
| Personal name |
Woodward, Bob, |
| Dates associated with a name |
1943- |
| 9 (RLIN) |
108932 |
| 245 10 - TITLE STATEMENT |
| Title |
Bush at war / |
| Statement of responsibility, etc. |
Bob Woodward. |
| 260 ## - PUBLICATION, DISTRIBUTION, ETC. |
| Place of publication, distribution, etc. |
New York : |
| Name of publisher, distributor, etc. |
Simon & Schuster, |
| Date of publication, distribution, etc. |
c2002. |
| 300 ## - PHYSICAL DESCRIPTION |
| Extent |
xix, 376 p., [16] p. of plates : |
| Other physical details |
ill. ; |
| Dimensions |
25 cm. |
| 600 10 - SUBJECT ADDED ENTRY--PERSONAL NAME |
| Personal name |
Bush, George W. |
| Fuller form of name |
(George Walker), |
| Dates associated with a name |
1946- |
| General subdivision |
Military leadership. |
| 9 (RLIN) |
108933 |
| 600 10 - SUBJECT ADDED ENTRY--PERSONAL NAME |
| Personal name |
Bush, George W. |
| Fuller form of name |
(George Walker), |
| Dates associated with a name |
1946- |
| Form subdivision |
Interviews. |
| 9 (RLIN) |
108934 |
| 650 #0 - SUBJECT ADDED ENTRY--TOPICAL TERM |
| Topical term or geographic name entry element |
War on Terrorism, 2001-2009. |
| 650 #0 - SUBJECT ADDED ENTRY--TOPICAL TERM |
| Topical term or geographic name entry element |
September 11 Terrorist Attacks, 2001. |
| 9 (RLIN) |
11306 |
| 650 #0 - SUBJECT ADDED ENTRY--TOPICAL TERM |
| Topical term or geographic name entry element |
National security |
| Geographic subdivision |
United States |
| General subdivision |
Decision making. |
| 9 (RLIN) |
108935 |
| 651 #0 - SUBJECT ADDED ENTRY--GEOGRAPHIC NAME |
| Geographic name |
United States |
| General subdivision |
Military policy |
| -- |
Decision making. |
| 9 (RLIN) |
106356 |
| 651 #0 - SUBJECT ADDED ENTRY--GEOGRAPHIC NAME |
| Geographic name |
United States |
| General subdivision |
Officials and employees |
| Form subdivision |
Interviews. |
| 9 (RLIN) |
108936 |
| 856 42 - ELECTRONIC LOCATION AND ACCESS |
| Materials specified |
Contributor biographical information |
| Uniform Resource Identifier |
<a href="http://www.loc.gov/catdir/bios/simon052/2002042829.html">http://www.loc.gov/catdir/bios/simon052/2002042829.html</a> |
| 856 42 - ELECTRONIC LOCATION AND ACCESS |
| Materials specified |
Publisher description |
| Uniform Resource Identifier |
<a href="http://www.loc.gov/catdir/description/simon031/2002042829.html">http://www.loc.gov/catdir/description/simon031/2002042829.html</a> |
| 856 41 - ELECTRONIC LOCATION AND ACCESS |
| Materials specified |
Sample text |
| Uniform Resource Identifier |
<a href="http://www.loc.gov/catdir/enhancements/fy0645/2002042829-s.html">http://www.loc.gov/catdir/enhancements/fy0645/2002042829-s.html</a> |
| 942 ## - ADDED ENTRY ELEMENTS (KOHA) |
| Source of classification or shelving scheme |
|
| Koha item type |
Book |